[Event "WLS-chB 68th"]
[Site "Cardiff"]
[Date "2024.03.29"]
[Round "1"]
[White "Powell Jones, Liam"]
[Black "Hill, Glyn"]
[Result "1-0"]
[WhiteElo "1756"]
[BlackElo "1057"]
[PlyCount "85"]
[EventDate "2024.03.29"]
[EventType "swiss"]
[EventRounds "7"]
[EventCountry "WLS"]
[SourceTitle "CB14_2024"]
[SourceDate "2024.04.01"]
[SourceVersion "1"]
[SourceVersionDate "2024.04.01"]
[SourceQuality "1"]

1. e4 e5 2. Nf3 d5 3. exd5 Qxd5 4. Nc3 Qc5 5. Bb5+ Bd7 6. a4 Bd6 7. 0-0 a6 8. Ne4 Qb4 9. Bxd7+ Nxd7 10. Re1 f6 11. d4 0-0-0 12. c3 Qc4 13. dxe5 Nxe5 14. Nxe5 Bxe5 15. Qg4+ Rd7 16. Nd6+ cxd6 17. Qxc4+ Kb8 18. f4 d5 19. Qe2 Bc7 20. Qe8+ Rd8 21. Qf7 Nh6 22. Qxg7 Nf5 23. Qg4 Nd6 24. f5 Rhg8 25. Qf3 Nc4 26. Bf4 Bxf4 27. Qxf4+ Nd6 28. Re6 Kc7 29. Rd1 Kc6 30. c4 Kb6 31. Rxd6+ Rxd6 32. Qxd6+ Ka7 33. cxd5 h5 34. Qc5+ Kb8 35. Re1 Rc8 36. Qb4 Ka7 37. Re7 Rb8 38. d6 h4 39. d7 b6 40. d8Q+ Rb7 41. Rxb7+ Kxb7 42. Qe4+ Ka7 43. Qda8# 1-0